Представление документа в формате RUSMARC

ПолеНазваниеЗначение
  Тип записи a
  Библиографический уровень m
001 Контрольный номер UONB/MAIN/b08445645e564ae4be9ee1b22c6d2d39
005 Дата корректировки 20260416160646.9
010 Индекс ISBN __
d Цена 40 к.
100 Данные общей обработки __
a Данные общей обработки 20260416d1903 u y0rusy0189 ca
101 Язык документа 0_
a Язык текста rus
102 Страна публикации __
a Страна публикации RU
105 Кодированные данные (монография) __
a Кодированные данные (монография) a z 001yy
200 Заглавие и сведения об ответственности 1_
a Заглавие Материалы по буддийской иконографии
e Сведения, относящиеся к заглавию с шестью таблицами
e Сведения, относящиеся к заглавию (доложено в заседании Историко-филологического отделения 6 февраля 1902 г.)
f Первые сведения об ответственности С. Ф. Ольденбург
210 Выходные данные 1_
d Дата издания 1902
215 Физическое описание __
a Объем 15 с.
c Иллюстрации/тип воспроизводства ил., 6 л. табл.
320 Библиография __
a Библиография Библиогр. в подстроч. примеч.
327 Примечание о содержании 01
a Примечание о содержании Содерж.: Альбом буддийских изображений Казанской духовной академии ; О некоторых изображениях бодисате ; К вопросу об изображениях Куверы с ихневмоном (накула)
461 Уровень набора _0
1 2001
a Сборник Музея антропологии и этнографии
v Т. 4
1 2101
a Санкт-Петербург
c Наука, Санкт-Петербургское отделение
d 1900-
1 300
a Доп. тит. л. фр.
1 001UONB/MAIN/77ff1e0278f642a191f97e1f573595f3
1 203
a Текст
b визуальный
c непосредственный
1 215
d 30 см
1 71002
a Музей антропологии и этнографии им. Петра Великого (Санкт-Петербург)
4 570
606 Тематические рубрики 0_
a Основная рубрика Иконография буддийская
610 Ключевые слова 0_
a Ключевые слова буддийская иконография; иконография буддийская ; японская статуэтка Авалокитешвары
686 Индексы других классификаций __
a Классификационный индекс 85.146.56
2 Код системы rubbk
700 Автор _1
a Фамилия Ольденбург
b Имя (инициалы) С. Ф.
g Полное личное имя Сергей Федорович
801 Источник записи _0
a Страна RU
b Организация Ульяновская ОНБ
c Дата составления 20260416
g Правила каталогизации RCR
801 Источник записи _1
a Страна RU
b Организация Ульяновская ОНБ
c Дата составления 20260416
g Правила каталогизации RCR
901 Тип документа __
t Тип документа n
w Контрольный № источника UONB/MAIN/77ff1e0278f642a191f97e1f573595f3
909 Создатель записи __
a Создатель записи Моргунова
b Дата создания записи 20260416